Logos by Terrible Drawing - Statistics

General Stats
  • This quiz has been taken 84 times
  • The average score is 18 of 25
Answer Stats
Picture Answer % Correct
Pepsi
99%
Apple
96%
BMW
95%
Nike
95%
Starbucks
95%
Lay’s
94%
Snapchat
90%
Tesla
90%
Instagram
88%
KFC
85%
Chevrolet
83%
Wendy’s
83%
Shell
82%
LG
79%
Nestle
73%
Gatorade
72%
Jetpunk
69%
Ferrari
68%
BP
65%
Subaru
54%
Converse
38%
Baskin-Robbins
32%
General Electric
26%
Colgate
23%
Visio
0%
No matching quizzes found
Score Distribution
Percent of People with Each Score
Percentile by Number Answered
Your Score History
You have not taken this quiz